00400 2200157 4500001002100000005001500021020002200036035002000058082000800078084001400086100001700100245005500117260003100172300002700203990001200230INLIS00000000000267520250904025906 a978-623-266-562-0 a0010-0925000022 a600 a600 ELL y0 aEllen Wijaya1 aYuk, Jaga Kesehatan Diri /cDr. Ellen Wijaya, Sp.A aJakarta :bErlangga,c2022 a58 hlm ;c14,5 x 21 cm a0755347